[Event "Landesliga Ost MV 2014-15"]
[Site "Mecklenburg-Vorpommern"]
[Date "2015.03.15"]
[Round "7.6"]
[White "Schumann, Harald"]
[Black "Micheel, Peter"]
[Result "1/2-1/2"]
[WhiteElo "1860"]
[BlackElo "1721"]
[PlyCount "88"]
[EventType "team-tourn"]
[EventRounds "9"]
[EventCountry "GER"]
[SourceDate "2014.04.06"]
[WhiteTeam "SSC Rostock 07  III"]
[BlackTeam "SSC Graal-Mueritz"]

1. e4 e6 2. d3 d5 3. Nd2 Nf6 4. g3 Bc5 5. Bg2 O-O 6. Ne2 dxe4 7. Nxe4 Nxe4 8.
Bxe4 Nd7 9. d4 Be7 10. Be3 Nf6 11. Bf3 Nd5 12. Bd2 c6 13. c4 Nf6 14. Bc3 Qc7
15. O-O b6 16. Rc1 Bb7 17. Nf4 Rfd8 18. Qe2 Ne8 19. Rfe1 Bf6 20. d5 Bxc3 21.
Rxc3 exd5 22. cxd5 c5 23. Qe7 Qxe7 24. Rxe7 Nd6 25. b4 Kf8 26. Rce3 Re8 27. Rd7
Rad8 28. Ree7 Bc8 29. Rxe8+ Kxe8 30. Rxa7 c4 31. Ne2 Rd7 32. Ra8 Rc7 33. Nc3
Ke7 34. a4 Bb7 35. Ra7 Kd8 36. a5 bxa5 37. Rxa5 Kc8 38. Rc5 Kb8 39. Rxc7 Kxc7
40. g4 Kb6 41. Kf1 Nb5 42. Nxb5 Kxb5 43. d6 Bc8 44. Ke1 Bd7 1/2-1/2

[Event "Landesliga Ost MV 2014-15"]
[Site "Mecklenburg-Vorpommern"]
[Date "2015.03.15"]
[Round "7.7"]
[White "Hausmann, Ulli"]
[Black "Maertin, Heinz"]
[Result "1/2-1/2"]
[WhiteElo "1623"]
[BlackElo "1673"]
[PlyCount "34"]
[EventType "team-tourn"]
[EventRounds "9"]
[EventCountry "GER"]
[SourceDate "2014.04.06"]
[WhiteTeam "SSC Graal-Mueritz"]
[BlackTeam "SSC Rostock 07  III"]

1. f4 Nf6 2. Nf3 c5 3. e3 d6 4. c3 e6 5. Be2 Be7 6. d4 cxd4 7. cxd4 O-O 8. O-O
a6 9. Nc3 d5 10. Bd2 b5 11. a3 Nbd7 12. Ne5 Bb7 13. Bd3 Ne4 14. Bxe4 dxe4 15.
Qc2 Rc8 16. Qd1 f6 17. Nxd7 Qxd7 1/2-1/2

[Event "Landesliga Ost MV 2014-15"]
[Site "Mecklenburg-Vorpommern"]
[Date "2015.03.15"]
[Round "7.8"]
[White "Raitza, Egon"]
[Black "Rath, Wolfgang"]
[Result "0-1"]
[WhiteElo "1652"]
[BlackElo "1607"]
[PlyCount "82"]
[EventType "team-tourn"]
[EventRounds "9"]
[EventCountry "GER"]
[SourceDate "2014.04.06"]
[WhiteTeam "SSC Rostock 07  III"]
[BlackTeam "SSC Graal-Mueritz"]

1. d4 Nf6 2. c4 d6 3. Nc3 g6 4. e4 Bg7 5. f3 O-O 6. Be3 Nc6 7. Qd2 e5 8. d5 Nd4
9. Nge2 Nxe2 10. Bxe2 Nd7 11. g4 f5 12. gxf5 gxf5 13. O-O-O f4 14. Bf2 Bf6 15.
Rdg1+ Kh8 16. h4 a6 17. Bf1 Rf7 18. Bh3 Rg7 19. h5 h6 20. Rg6 Rxg6 21. hxg6 Kg7
22. Qe1 Nf8 23. Bxc8 Rxc8 24. Qg1 Nxg6 25. Qg4 Bg5 26. Kb1 Rb8 27. c5 Qc8 28.
Qg2 Kf6 29. cxd6 cxd6 30. Rc1 Qd7 31. Ne2 Rc8 32. Qf1 Rxc1+ 33. Qxc1 Ne7 34.
Qh1 Kg6 35. Nc3 Ng8 36. Qd1 Nf6 37. Na4 h5 38. Nb6 Qh3 39. Nc4 Ne8 40. a3 Qg2
41. Qe2 Bh4 0-1

[Event "Landesliga Ost MV 2014-15"]
[Site "Mecklenburg-Vorpommern"]
[Date "2015.04.12"]
[Round "8.1"]
[White "Jeske, Holger"]
[Black "Bigalke, Steffen"]
[Result "1-0"]
[WhiteElo "1833"]
[BlackElo "1795"]
[PlyCount "65"]
[EventType "team-tourn"]
[EventRounds "9"]
[EventCountry "GER"]
[SourceDate "2014.04.06"]
[WhiteTeam "SSC Rostock 07  III"]
[BlackTeam "SAV Torgelow-Droegeheide 90  II"]

1. e4 c5 2. b4 cxb4 3. d4 d5 4. e5 Nc6 5. f4 Bf5 6. Nf3 e6 7. Be3 Be7 8. Bd3
Bxd3 9. cxd3 Nh6 10. Nbd2 a5 11. O-O O-O 12. Bf2 a4 13. h3 b5 14. g4 Qd7 15. f5
f6 16. exf6 gxf6 17. fxe6 Qxe6 18. Re1 Qd7 19. Qe2 Kf7 20. Be3 Ng8 21. Rac1 Bd6
22. Qf2 Kg7 23. Nh4 Nce7 24. Nf1 Rac8 25. Bf4 Rxc1 26. Rxc1 Bxf4 27. Qxf4 Rc8
28. Rc5 Rxc5 29. dxc5 d4 30. Ng3 Qd5 31. Nhf5+ Nxf5 32. Nxf5+ Kh8 33. Qc7 1-0

[Event "Landesliga Ost MV 2014-15"]
[Site "Mecklenburg-Vorpommern"]
[Date "2015.04.12"]
[Round "8.2"]
[White "Otto, Martin"]
[Black "Menkhaus, Wolf Dieter"]
[Result "1/2-1/2"]
[WhiteElo "1828"]
[BlackElo "1840"]
[PlyCount "79"]
[EventType "team-tourn"]
[EventRounds "9"]
[EventCountry "GER"]
[SourceDate "2014.04.06"]
[WhiteTeam "SAV Torgelow-Droegeheide 90  II"]
[BlackTeam "SSC Rostock 07  III"]

1. Nf3 Nf6 2. g3 g6 3. Bg2 Bg7 4. O-O c5 5. d3 Nc6 6. e4 d6 7. c3 O-O 8. Qc2
Bd7 9. h3 Rc8 10. Be3 e5 11. Nh4 Nh5 12. Nd2 Kh8 13. Nc4 Be6 14. Na3 a6 15. Qd2
f5 16. exf5 gxf5 17. Bg5 Bf6 18. Bxf6+ Qxf6 19. Bf3 Ng7 20. Ng2 d5 21. Nc2 Rcd8
22. d4 cxd4 23. cxd4 e4 24. Be2 Bf7 25. Nf4 Ne6 26. Rfd1 Ne7 27. Nxe6 Bxe6 28.
f4 exf3 29. Bxf3 Ng6 30. Ne1 f4 31. g4 Nh4 32. Qe2 Rde8 33. Qe5 Qxe5 34. dxe5
Bg8 35. Bxd5 Rxe5 36. Bxg8 Kxg8 37. Rac1 Re2 38. Rc2 f3 39. Kf1 Rfe8 40. Rdc1
1/2-1/2

[Event "Landesliga Ost MV 2014-15"]
[Site "Mecklenburg-Vorpommern"]
[Date "2015.04.12"]
[Round "8.3"]
[White "Moritz, Hartmut"]
[Black "Kilp, Andreas"]
[Result "1-0"]
[WhiteElo "1831"]
[BlackElo "1632"]
[PlyCount "74"]
[EventType "team-tourn"]
[EventRounds "9"]
[EventCountry "GER"]
[SourceDate "2014.04.06"]
[WhiteTeam "SSC Rostock 07  III"]
[BlackTeam "SAV Torgelow-Droegeheide 90  II"]

1. e4 e5 2. Nf3 Nc6 3. c3 Nf6 4. d4 exd4 5. e5 Ng8 6. cxd4 Bb4+ 7. Nc3 d6 8.
Bc4 h6 9. Qb3 Bxc3+ 10. bxc3 Nge7 11. Bxf7+ Kf8 12. e6 Na5 13. Qb4 Nec6 14. Qb5
a6 15. Qf5 Qf6 16. Qxf6 gxf6 17. Nh4 Ne7 18. O-O Nc4 19. Re1 b6 20. Ng6+ Nxg6
21. Bxg6 Ke7 22. Be4 Rb8 23. d5 Bb7 24. f4 Rbg8 25. Kf2 Rf8 26. Rb1 f5 27. Bf3
a5 28. Rd1 Rb8 29. Be2 Ba6 30. a4 b5 31. Rd4 c5 32. dxc6 Rhc8 33. axb5 Bxb5 34.
Bxc4 Bxc6 35. Rxb8 Rxb8 36. Ba3 Rd8 37. Ba2 Bb5 1-0

[Event "Landesliga Ost MV 2014-15"]
[Site "Mecklenburg-Vorpommern"]
[Date "2015.04.12"]
[Round "8.5"]
[White "Herde, Dittmar"]
[Black "Kasel, Alexander"]
[Result "1-0"]
[WhiteElo "1788"]
[BlackElo "1550"]
[PlyCount "33"]
[EventType "team-tourn"]
[EventRounds "9"]
[EventCountry "GER"]
[SourceDate "2014.04.06"]
[WhiteTeam "SSC Rostock 07  III"]
[BlackTeam "SAV Torgelow-Droegeheide 90  II"]

1. d4 Nf6 2. c4 e6 3. Nf3 Bb4+ 4. Bd2 Qe7 5. a3 Bxd2+ 6. Nbxd2 O-O 7. e4 c5 8.
e5 Ne8 9. Ne4 cxd4 10. Qxd4 Nc6 11. Qc3 d6 12. Bd3 dxe5 13. Nxe5 Nxe5 14. Qxe5
Nf6 15. Rd1 b6 16. Nxf6+ Qxf6 17. Qe4 1-0

[Event "Landesliga Ost MV 2014-15"]
[Site "Mecklenburg-Vorpommern"]
[Date "2015.04.12"]
[Round "8.6"]
[White "Schmidt, Paul"]
[Black "Schumann, Harald"]
[Result "0-1"]
[WhiteElo "1451"]
[BlackElo "1860"]
[PlyCount "72"]
[EventType "team-tourn"]
[EventRounds "9"]
[EventCountry "GER"]
[SourceDate "2014.04.06"]
[WhiteTeam "SAV Torgelow-Droegeheide 90  II"]
[BlackTeam "SSC Rostock 07  III"]

1. e4 c5 2. d4 cxd4 3. c3 d5 4. e5 Nc6 5. cxd4 Bf5 6. Nc3 e6 7. Bd3 Bg6 8. Bxg6
hxg6 9. Nf3 Qb6 10. O-O Nh6 11. Na4 Qd8 12. Bd2 Nf5 13. Bc3 b5 14. Nc5 Bxc5 15.
dxc5 Qe7 16. b4 d4 17. Bb2 Rd8 18. Qd3 a6 19. Rfd1 Nxb4 20. Qb3 Nc6 21. Rac1
Qc7 22. Re1 Nh4 23. Nxh4 Rxh4 24. Qg3 Rh5 25. f4 Qd7 26. Qd3 Qd5 27. a3 Ke7 28.
Red1 Rdh8 29. h3 Rf5 30. Qd2 Rfh5 31. Bxd4 Rd8 32. Be3 Qb3 33. Qe1 Rhh8 34.
Rxd8 Rxd8 35. Qh4+ g5 36. Qxg5+ Kf8 0-1

[Event "Landesliga Ost MV 2014-15"]
[Site "Mecklenburg-Vorpommern"]
[Date "2015.04.12"]
[Round "8.7"]
[White "Maertin, Heinz"]
[Black "Schmekel, Matthias"]
[Result "1-0"]
[WhiteElo "1673"]
[BlackElo "1425"]
[PlyCount "109"]
[EventType "team-tourn"]
[EventRounds "9"]
[EventCountry "GER"]
[SourceDate "2014.04.06"]
[WhiteTeam "SSC Rostock 07  III"]
[BlackTeam "SAV Torgelow-Droegeheide 90  II"]

1. e4 e5 2. Nf3 Nc6 3. Bb5 a6 4. Ba4 Bc5 5. O-O Nge7 6. c3 O-O 7. d4 exd4 8.
cxd4 Ba7 9. d5 Nb8 10. d6 cxd6 11. Qxd6 Nbc6 12. Nc3 Bb8 13. Qd1 Kh8 14. Bg5 f6
15. Bh4 Ng6 16. Bg3 Nce5 17. Nd4 d6 18. h3 f5 19. exf5 Bxf5 20. Nxf5 Rxf5 21.
Bc2 Rf8 22. Qh5 Qf6 23. Ne4 Nf4 24. Nxf6 Nxh5 25. Nxh5 Nc4 26. b3 Na3 27. Be4
g6 28. Nf4 Ra7 29. Rad1 Nb5 30. Rd3 b6 31. Rfd1 Raf7 32. Ne2 Rf6 33. a4 d5 34.
Bxb8 dxe4 35. Rd8 Rxf2 36. Be5+ Kg8 37. Rxf8+ Rxf8 38. axb5 axb5 39. Bc7 Rf6
40. Rd6 Rf5 41. Bxb6 Kf8 42. Ng3 Re5 43. Bd4 Re8 44. Rf6+ Kg8 45. Kf2 Rd8 46.
Ke3 Ra8 47. Nxe4 Ra3 48. Nc5 Ra2 49. Rf2 Ra8 50. Kd3 Rd8 51. Ne4 h6 52. Nf6+
Kf7 53. Ng4+ Ke6 54. Nxh6 Rxd4+ 55. Kxd4 1-0

[Event "Landesliga Ost MV 2014-15"]
[Site "Mecklenburg-Vorpommern"]
[Date "2015.04.12"]
[Round "8.8"]
[White "Bollnow, Alex"]
[Black "Bardosch, Karl"]
[Result "0-1"]
[WhiteElo "1406"]
[BlackElo "1680"]
[PlyCount "26"]
[EventType "team-tourn"]
[EventRounds "9"]
[EventCountry "GER"]
[SourceDate "2014.04.06"]
[WhiteTeam "SAV Torgelow-Droegeheide 90  II"]
[BlackTeam "SSC Rostock 07  III"]

1. e4 c5 2. Nf3 d6 3. d4 cxd4 4. Nxd4 Nf6 5. Nc3 a6 6. a4 e6 7. Be3 Nbd7 8. Be2
b6 9. O-O Bb7 10. f3 Rc8 11. Qd2 Qc7 12. Rfc1 Ne5 13. b3 Qxc3 0-1

[Event "Landesliga Ost MV 2014-15"]
[Site "Mecklenburg-Vorpommern"]
[Date "2015.04.12"]
[Round "8.1"]
[White "Stork, Michael"]
[Black "Zibell, Walter"]
[Result "0-1"]
[WhiteElo "2038"]
[BlackElo "1811"]
[PlyCount "136"]
[EventType "team-tourn"]
[EventRounds "9"]
[EventCountry "GER"]
[SourceDate "2014.04.06"]
[WhiteTeam "ESV Waren"]
[BlackTeam "SG Eintracht Neubrandenburg  III"]

1. Nf3 c5 2. c4 g6 3. Nc3 Bg7 4. e3 d6 5. d4 cxd4 6. exd4 Nf6 7. Be2 O-O 8. O-O
Nc6 9. d5 Nb4 10. a3 Na6 11. h3 Bd7 12. Be3 Qc8 13. Rc1 Nc5 14. Qc2 Bf5 15. Qd1
Nfe4 16. Nxe4 Nxe4 17. Nd4 Bd7 18. Bf3 f5 19. Re1 Be5 20. Bh6 Rf7 21. Bxe4 fxe4
22. Rxe4 Bxh3 23. Ne6 Bxe6 24. dxe6 Qxe6 25. Qe2 Qd7 26. c5 Rc8 27. Rd1 Qf5 28.
f4 Bg7 29. Bxg7 Kxg7 30. cxd6 exd6 31. Rxd6 Rc1+ 32. Kh2 Qc5 33. Red4 Qf5 34.
Qe5+ Qxe5 35. fxe5 Rcc7 36. e6 Rfe7 37. Rd7 Kf6 38. Re4 Rcxd7 39. exd7 Rxd7 40.
Kg3 h5 41. Rb4 b6 42. Rb5 g5 43. Kf3 Rd2 44. g3 Rc2 45. Ke4 Rc5 46. Rb4 Re5+
47. Kf3 Ke6 48. Ra4 a5 49. Rc4 Kd5 50. Rc8 Kd4 51. Rh8 Rf5+ 52. Ke2 g4 53. Rh6
b5 54. Kd2 Kc4 55. Kc2 a4 56. Rc6+ Kd4 57. Kd2 Ke4 58. Ke2 Rf3 59. Rc3 Rxc3 60.
bxc3 Kd5 61. Ke3 Kc4 62. Kf4 Kxc3 63. Kg5 Kb3 64. Kxh5 Kxa3 65. Kxg4 b4 66. Kh5
b3 67. g4 b2 68. g5 b1=Q 0-1

[Event "Landesliga Ost MV 2014-15"]
[Site "Mecklenburg-Vorpommern"]
[Date "2015.04.12"]
[Round "8.2"]
[White "Dao, Xuan Duong"]
[Black "Schumacher, Albrecht"]
[Result "0-1"]
[WhiteElo "1740"]
[BlackElo "1950"]
[PlyCount "70"]
[EventType "team-tourn"]
[EventRounds "9"]
[EventCountry "GER"]
[SourceDate "2014.04.06"]
[WhiteTeam "SG Eintracht Neubrandenburg  III"]
[BlackTeam "ESV Waren"]

1. e4 c5 2. Nf3 d6 3. d4 cxd4 4. Nxd4 Nf6 5. Nc3 a6 6. f3 Qb6 7. Be3 Qxb2 8.
Kd2 g6 9. Rb1 Qa3 10. Bc4 Bg7 11. Qe2 Qa5 12. Nb3 Nxe4+ 13. fxe4 Qxc3+ 14. Kd1
O-O 15. Rf1 Nc6 16. Bd2 Qe5 17. Bf4 Qh5 18. Qxh5 gxh5 19. Kd2 Ne5 20. Na5 Nxc4+
21. Nxc4 b5 22. Nb6 Ra7 23. Be3 Rb7 24. Nd5 Be6 25. a4 Bxd5 26. exd5 Rfb8 27.
axb5 Rxb5 28. Rxb5 Rxb5 29. c4 Rb2+ 30. Kd3 Rxg2 31. Rb1 h6 32. Rb7 Bf6 33.
Bxh6 Rxh2 34. Rb8+ Kh7 35. Bf8 Rh4 0-1

[Event "Landesliga Ost MV 2014-15"]
[Site "Mecklenburg-Vorpommern"]
[Date "2015.04.12"]
[Round "8.3"]
[White "Schreiner, Wolfgang"]
[Black "Bugdahl, Felix"]
[Result "1/2-1/2"]
[WhiteElo "1830"]
[BlackElo "1603"]
[PlyCount "71"]
[EventType "team-tourn"]
[EventRounds "9"]
[EventCountry "GER"]
[SourceDate "2014.04.06"]
[WhiteTeam "ESV Waren"]
[BlackTeam "SG Eintracht Neubrandenburg  III"]

1. e4 c5 2. Nf3 Nc6 3. Bb5 e6 4. O-O a6 5. Bxc6 bxc6 6. c4 Ne7 7. d4 cxd4 8.
Qxd4 Ng6 9. Nc3 c5 10. Qd3 Bb7 11. Be3 Qc7 12. Rad1 Rd8 13. Ng5 Be7 14. f4 Bxg5
15. fxg5 O-O 16. Qd6 Qxd6 17. Rxd6 Ne5 18. b3 Rc8 19. Na4 Bxe4 20. Nxc5 Ng4 21.
Nxe4 Nxe3 22. Rf3 Ng4 23. Rxa6 d5 24. Nd6 Ra8 25. Rxa8 Rxa8 26. Rf4 Ne5 27. a4
Rd8 28. Nb7 Rb8 29. Na5 Ra8 30. b4 Nd3 31. Rd4 Nxb4 32. cxd5 Nxd5 33. Nc6 Kf8
34. Kf2 Rc8 35. Nb4 Rc5 36. Nxd5 1/2-1/2

[Event "Landesliga Ost MV 2014-15"]
[Site "Mecklenburg-Vorpommern"]
[Date "2015.04.12"]
[Round "8.4"]
[White "Peters, Hans Joachim"]
[Black "Wittig, Harry"]
[Result "1/2-1/2"]
[WhiteElo "1714"]
[BlackElo "1867"]
[PlyCount "94"]
[EventType "team-tourn"]
[EventRounds "9"]
[EventCountry "GER"]
[SourceDate "2014.04.06"]
[WhiteTeam "SG Eintracht Neubrandenburg  III"]
[BlackTeam "ESV Waren"]

1. e4 c5 2. Nc3 Nc6 3. g3 g6 4. Bg2 Bg7 5. d3 Nf6 6. f4 d6 7. Nf3 O-O 8. O-O
Bd7 9. h3 Ne8 10. Be3 Nd4 11. Kh2 f5 12. Ne2 Nxf3+ 13. Bxf3 Qc8 14. exf5 gxf5
15. Nc3 Nf6 16. Qe2 Bc6 17. Qg2 Bxf3 18. Qxf3 Qc6 19. Bg1 Qxf3 20. Rxf3 Kf7 21.
Re1 a6 22. Rfe3 Rfe8 23. a4 Rab8 24. Ra1 e6 25. Ree1 Rbc8 26. Nd1 Nd5 27. c3
Ra8 28. Ne3 Nxe3 29. Bxe3 Rac8 30. Rad1 b5 31. axb5 axb5 32. Ra1 Ra8 33. Kg2 b4
34. d4 bxc3 35. bxc3 cxd4 36. Bxd4 Rxa1 37. Rxa1 e5 38. fxe5 dxe5 39. Bc5 Rc8
40. Bb4 Rc7 41. Ra5 Ke6 42. Kf2 Rb7 43. Ke2 e4 44. Ra6+ Kd5 45. Ra5+ Ke6 46.
Ra6+ Ke5 47. Ra3 Ke6 1/2-1/2

[Event "Landesliga Ost MV 2014-15"]
[Site "Mecklenburg-Vorpommern"]
[Date "2015.04.12"]
[Round "8.5"]
[White "Lotz, Robert"]
[Black "Buenz, Heinrich"]
[Result "1/2-1/2"]
[WhiteElo "1712"]
[BlackElo "1609"]
[PlyCount "141"]
[EventType "team-tourn"]
[EventRounds "9"]
[EventCountry "GER"]
[SourceDate "2014.04.06"]
[WhiteTeam "ESV Waren"]
[BlackTeam "SG Eintracht Neubrandenburg  III"]

1. e4 e5 2. Nf3 Nc6 3. d4 exd4 4. Nxd4 Nxd4 5. Qxd4 Qf6 6. e5 Qc6 7. Nc3 Ne7 8.
Qe4 Qxe4+ 9. Nxe4 Ng6 10. f4 Be7 11. h3 b6 12. Bd3 Bb7 13. O-O O-O 14. g3 c5
15. c4 f6 16. exf6 Bxf6 17. Nxf6+ Rxf6 18. Bxg6 Rxg6 19. g4 Rd6 20. Be3 Rd3 21.
Kf2 Re8 22. Rfe1 d5 23. cxd5 Bxd5 24. b3 Kf7 25. h4 Bc6 26. Rac1 Bb7 27. b4 Ra3
28. bxc5 Rxa2+ 29. Re2 Rxe2+ 30. Kxe2 b5 31. c6 Bc8 32. f5 Re7 33. Rc5 Re4 34.
Kf3 Re7 35. Kf4 Kf6 36. Bd4+ Kf7 37. Rd5 Rc7 38. Rd6 a5 39. Bb6 Re7 40. Bxa5
Re2 41. Rd8 Ra2 42. Bb4 g6 43. fxg6+ hxg6 44. Kg5 Be6 45. Kh6 Bxg4 46. Rf8+ Ke6
47. c7 Kd5 48. c8=Q Bxc8 49. Rxc8 Ra4 50. Be7 Ra6 51. Rc5+ Ke6 52. Bg5 Rb6 53.
Bc1 b4 54. Rg5 Kf7 55. Bb2 b3 56. Rf5+ Kg8 57. Rf6 Rb4 58. Rxg6+ Kf7 59. Rg7+
Ke6 60. h5 Kf5 61. Kh7 Rh4 62. h6 Rh2 63. Bc3 Rc2 64. Ba1 b2 65. Bxb2 Rxb2 66.
Ra7 Kf6 67. Rg7 Rb8 68. Rg6+ Kf5 69. Rg1 Rb7+ 70. Rg7 Rb8 71. Rg1 1/2-1/2

[Event "Landesliga Ost MV 2014-15"]
[Site "Mecklenburg-Vorpommern"]
[Date "2015.04.12"]
[Round "8.6"]
[White "Hollender, Dirk"]
[Black "Mayerhoff, Lothar"]
[Result "1-0"]
[WhiteElo "1672"]
[BlackElo "1560"]
[PlyCount "65"]
[EventType "team-tourn"]
[EventRounds "9"]
[EventCountry "GER"]
[SourceDate "2014.04.06"]
[WhiteTeam "SG Eintracht Neubrandenburg  III"]
[BlackTeam "ESV Waren"]

1. e4 c5 2. Nf3 a6 3. d3 Nc6 4. g3 e5 5. Bg2 d6 6. O-O Nf6 7. Nc3 h6 8. Ne2 Be7
9. c3 O-O 10. Nh4 Nh7 11. Nf5 Bg5 12. f4 exf4 13. gxf4 Bf6 14. Neg3 Ne7 15. Ne3
Rb8 16. Kh1 b5 17. Rg1 Kh8 18. Bf3 g6 19. a3 Bg7 20. Qf1 b4 21. axb4 cxb4 22.
d4 bxc3 23. bxc3 Qc7 24. Qc4 Qxc4 25. Nxc4 Rd8 26. Ba3 Rb3 27. Nxd6 Kg8 28.
Nxc8 Nxc8 29. Ne2 Nb6 30. Bc5 Nc4 31. Rxa6 Nd2 32. Kg2 Nf6 33. Be7 1-0

[Event "Landesliga Ost MV 2014-15"]
[Site "Mecklenburg-Vorpommern"]
[Date "2015.04.12"]
[Round "8.7"]
[White "Stork, Leonard Christopher"]
[Black "Friedrich, Joerg"]
[Result "1-0"]
[WhiteElo "1388"]
[BlackElo "1657"]
[PlyCount "57"]
[EventType "team-tourn"]
[EventRounds "9"]
[EventCountry "GER"]
[SourceDate "2014.04.06"]
[WhiteTeam "ESV Waren"]
[BlackTeam "SG Eintracht Neubrandenburg  III"]

1. Nf3 d5 2. d4 Bf5 3. c4 e6 4. Nc3 Nf6 5. cxd5 Nxd5 6. Qb3 Nxc3 7. bxc3 b6 8.
g3 Nd7 9. Bg2 Rc8 10. O-O Be7 11. Qa4 O-O 12. Re1 Be4 13. Bb2 b5 14. Qd1 c5 15.
Nd2 Bxg2 16. Kxg2 f5 17. f4 Rf6 18. e4 cxd4 19. cxd4 fxe4 20. Nxe4 Rg6 21. Qb3
a5 22. Rac1 Rxc1 23. Rxc1 Qa8 24. Qf3 Qd8 25. Qc3 Bb4 26. Qc6 e5 27. Qd5+ Kh8
28. dxe5 Qe7 29. Rc7 1-0

[Event "Landesliga Ost MV 2014-15"]
[Site "Mecklenburg-Vorpommern"]
[Date "2015.04.12"]
[Round "8.8"]
[White "Gloeckner, Jan"]
[Black "Kollark, Lukas"]
[Result "1-0"]
[WhiteElo "1537"]
[BlackElo "1403"]
[PlyCount "83"]
[EventType "team-tourn"]
[EventRounds "9"]
[EventCountry "GER"]
[SourceDate "2014.04.06"]
[WhiteTeam "SG Eintracht Neubrandenburg  III"]
[BlackTeam "ESV Waren"]

1. e4 e5 2. d4 exd4 3. c3 dxc3 4. Bc4 cxb2 5. Bxb2 d5 6. Bxd5 Nf6 7. Bxf7+ Kxf7
8. Qxd8 Bb4+ 9. Qd2 Bxd2+ 10. Nxd2 Nc6 11. Ngf3 Bg4 12. h3 Bxf3 13. gxf3 Nb4
14. Ke2 Rad8 15. Bxf6 Kxf6 16. Rab1 Nxa2 17. Rxb7 Nc3+ 18. Ke3 Rd7 19. Rc1 Rhd8
20. Rxc3 Rxd2 21. Rxa7 Rd1 22. Ra6+ Kg5 23. Ra5+ Kh4 24. Rxc7 R1d3+ 25. Kf4
Rf8+ 26. Rf5 g5+ 27. Ke5 Re8+ 28. Kf6 h6 29. Kg7 Re6 30. Rcf7 h5 31. R7f6 Re8
32. Rf8 Re7+ 33. Kg6 Rdd7 34. R8f7 Rxf7 35. Rxf7 Rxf7 36. Kxf7 Kxh3 37. e5 Kg2
38. e6 h4 39. e7 h3 40. e8=Q h2 41. Qc6 Kxf2 42. Qh6 1-0

[Event "Landesliga Ost MV 2014-15"]
[Site "Mecklenburg-Vorpommern"]
[Date "2015.04.12"]
[Round "8.1"]
[White "Pawlick, Helmut"]
[Black "Voelschow, Siegfried"]
[Result "1/2-1/2"]
[WhiteElo "1816"]
[BlackElo "1957"]
[PlyCount "32"]
[EventType "team-tourn"]
[EventRounds "9"]
[EventCountry "GER"]
[SourceDate "2014.04.06"]
[WhiteTeam "SV Rugia Bergen"]
[BlackTeam "SV Waterkant Saal"]

1. e4 d5 2. exd5 Qxd5 3. Nc3 Qa5 4. d4 c6 5. Bc4 Bf5 6. Nf3 Nf6 7. Bd2 Qc7 8.
Bb3 e6 9. Qe2 Bd6 10. h3 Bf4 11. O-O-O Nbd7 12. Nh4 Bg6 13. Nxg6 hxg6 14. d5
cxd5 15. Bxd5 O-O 16. Bb3 Nc5 1/2-1/2

[Event "Landesliga Ost MV 2014-15"]
[Site "Mecklenburg-Vorpommern"]
[Date "2015.04.12"]
[Round "8.2"]
[White "Schwarz, Eckhard"]
[Black "Wichert, Till"]
[Result "1-0"]
[WhiteElo "1863"]
[BlackElo "1411"]
[PlyCount "51"]
[EventType "team-tourn"]
[EventRounds "9"]
[EventCountry "GER"]
[SourceDate "2014.04.06"]
[WhiteTeam "SV Waterkant Saal"]
[BlackTeam "SV Rugia Bergen"]

1. Nf3 Nf6 2. c4 c5 3. g3 g6 4. Bg2 Bg7 5. O-O O-O 6. Nc3 Nc6 7. d4 cxd4 8.
Nxd4 Nxd4 9. Qxd4 d6 10. e4 Be6 11. Rb1 Rc8 12. Qxa7 Bxc4 13. Rd1 Qc7 14. e5
dxe5 15. Qxb7 Qxb7 16. Bxb7 Rcd8 17. Rxd8 Rxd8 18. b4 Rd3 19. Bb2 Rd2 20. a4
Bd3 21. Bc1 Rc2 22. Bb2 Rxc3 23. Bxc3 Bxb1 24. b5 Nd7 25. a5 Nc5 26. a6 1-0

[Event "Landesliga Ost MV 2014-15"]
[Site "Mecklenburg-Vorpommern"]
[Date "2015.04.12"]
[Round "8.3"]
[White "Burwitz, Joerg"]
[Black "Onasch, Gunnar"]
[Result "1-0"]
[WhiteElo "1676"]
[BlackElo "1821"]
[PlyCount "101"]
[EventType "team-tourn"]
[EventRounds "9"]
[EventCountry "GER"]
[SourceDate "2014.04.06"]
[WhiteTeam "SV Rugia Bergen"]
[BlackTeam "SV Waterkant Saal"]

1. d4 Nf6 2. Nf3 c5 3. c3 cxd4 4. cxd4 e6 5. g3 d5 6. Bg2 Nc6 7. O-O Be7 8. Nc3
O-O 9. Bg5 Ne8 10. Bxe7 Qxe7 11. Rc1 Nd6 12. e3 Bd7 13. Qe2 Rfc8 14. Rfd1 Rc7
15. Ne5 Be8 16. Bxd5 exd5 17. Nxd5 Qd8 18. Nxc7 Qxc7 19. d5 Qe7 20. Nxc6 bxc6
21. dxc6 Rc8 22. Qd3 Ne4 23. Qd5 Ng5 24. b4 Ne6 25. b5 Qb4 26. Rc4 Qa3 27. Re4
Qe7 28. a4 Kf8 29. Qd6 Qxd6 30. Rxd6 Ke7 31. Rd2 Rd8 32. Rxd8 Kxd8 33. f4 Nc7
34. Rd4+ Kc8 35. e4 f6 36. h4 Ne6 37. Rc4 Kc7 38. f5 Nd8 39. Kf2 Nf7 40. a5 Nd6
41. Rb4 a6 42. bxa6 Bxc6 43. Ke3 Nb5 44. g4 Kd6 45. Kf4 h6 46. g5 h5 47. gxf6
gxf6 48. Rb2 Ke7 49. e5 fxe5+ 50. Kxe5 Nd6 51. f6+ 1-0

[Event "Landesliga Ost MV 2014-15"]
[Site "Mecklenburg-Vorpommern"]
[Date "2015.04.12"]
[Round "8.4"]
[White "Wiese, Frank"]
[Black "Tabbert, Dirk"]
[Result "1/2-1/2"]
[WhiteElo "1875"]
[BlackElo "1629"]
[PlyCount "40"]
[EventType "team-tourn"]
[EventRounds "9"]
[EventCountry "GER"]
[SourceDate "2014.04.06"]
[WhiteTeam "SV Waterkant Saal"]
[BlackTeam "SV Rugia Bergen"]

1. d4 f5 2. Bg5 Nf6 3. Bxf6 exf6 4. e3 d6 5. g3 Nc6 6. Bg2 Bd7 7. Ne2 Be7 8.
O-O O-O 9. c4 Qe8 10. Nbc3 a6 11. a3 Rb8 12. Qd3 g6 13. b4 Bd8 14. Rfd1 Kg7 15.
Rac1 b6 16. Nf4 a5 17. b5 Ne7 18. a4 g5 19. Nfe2 Be6 20. Re1 Qf7 1/2-1/2

[Event "Landesliga Ost MV 2014-15"]
[Site "Mecklenburg-Vorpommern"]
[Date "2015.04.12"]
[Round "8.5"]
[White "Pawlowicz, Karsten"]
[Black "Nickel, Reimo"]
[Result "1/2-1/2"]
[WhiteElo "1592"]
[BlackElo "1751"]
[PlyCount "71"]
[EventType "team-tourn"]
[EventRounds "9"]
[EventCountry "GER"]
[SourceDate "2014.04.06"]
[WhiteTeam "SV Rugia Bergen"]
[BlackTeam "SV Waterkant Saal"]

1. e4 e5 2. Nf3 Nc6 3. Nc3 Nf6 4. Bc4 Bc5 5. h3 O-O 6. O-O a6 7. a3 d6 8. d3 h6
9. Be3 Ba7 10. Bxa7 Rxa7 11. Nd5 Be6 12. Ne3 Qd7 13. Bxe6 Qxe6 14. c3 Ne7 15.
Nh4 Ng6 16. Nef5 Nxh4 17. Nxh4 Kh8 18. f4 exf4 19. Rxf4 g5 20. Rxf6 Qxf6 21.
Nf5 d5 22. Qh5 Kh7 23. Rf1 Qg6 24. Qg4 dxe4 25. Qxe4 Raa8 26. Qxb7 Qb6+ 27.
Qxb6 cxb6 28. d4 Rad8 29. g4 Rfe8 30. Ng3 Kg6 31. Rd1 b5 32. Kf2 Rd6 33. Nf5
Rd5 34. b3 Re4 35. c4 Rd7 36. c5 1/2-1/2

[Event "Landesliga Ost MV 2014-15"]
[Site "Mecklenburg-Vorpommern"]
[Date "2015.04.12"]
[Round "8.6"]
[White "Ehmann, Roland"]
[Black "Rosenbusch, Robert Mario"]
[Result "1/2-1/2"]
[WhiteElo "1546"]
[BlackElo "1664"]
[PlyCount "30"]
[EventType "team-tourn"]
[EventRounds "9"]
[EventCountry "GER"]
[SourceDate "2014.04.06"]
[WhiteTeam "SV Waterkant Saal"]
[BlackTeam "SV Rugia Bergen"]

1. d4 e6 2. Nf3 Nf6 3. g3 b6 4. Bg2 Bb7 5. O-O c5 6. c3 Be7 7. Re1 O-O 8. Bf4
Nh5 9. Bc1 Nf6 10. Bf4 Qc8 11. Ne5 Bxg2 12. Kxg2 Nc6 13. Nf3 cxd4 14. cxd4 Nb4
15. Nc3 Qb7 1/2-1/2